Sports Quiz

Random Sports Quiz

Quiz week-end 2b Stats

 Plays Quiz not verified by Sporcle

Score 0/10 Timer 03:00
0 Plays Today
Intitulé Réponse % Correct
Il était suspendu contre le Barça à cause d’un rouge reçu en 2014 Luka Modric
66.3%
Il a marqué un doublé avec Huddersfield contre Crystal PalaceSteve Mounie
65.7%
Il a été au but contre StrasbourgNicolas de Preville
55%
Cette nation s’est déclarée candidate pour organiser le Mondial 2026Maroc
54.9%
Il a aussi été au but contre StrasbourgIbrahim Amadou
46%
Il vient d’être prêté à Utrecht Jean-Christophe Bahebeck
45.3%
Il a marqué un doublé contre la JuventusCiro Immobile
40.5%
Il a signé à Galatasaray ce week-endSofiane Feghouli
27.1%
Il a marqué le premier but du droit de sa carrière en Ligue 1Thomas Mangani
15.3%
Il a fait quatre passes décisives et marqué un but avec LeipzigYussuf Poulsen
11.4%

You're not logged in!

Compare scores with friends on all Sporcle quizzes.
OR
Log In

You Might Also Like...

Show Comments

Extras

Created Aug 13, 2017ReportNominate
Tags:international, mode

Top Quizzes Today


Score Distribution

Your Account Isn't Verified!

In order to create a playlist on Sporcle, you need to verify the email address you used during registration. Go to your Sporcle Settings to finish the process.

Report this User

Report this user for behavior that violates our Community Guidelines.

Details: